Plus grandes villes de France comportant un J - Statistiques

Statistiques générales
  • Ce quiz a été pris 94 fois
  • Le résultat moyen est 4 sur 8
Statistiques - réponses
Population Département Ville % Correct
75 500 2A Ajaccio
97%
160 000 21 Dijon
88%
58 500 83 Fréjus
60%
38 500 37 Joué-les-Tours
55%
58 000 94 Villejuif
34%
44 000 78 Mantes-la-Jolie
26%
39 000 974 Saint-Joseph
26%
32 500 33 Saint-Médard-en-Jalles
20%
Aucun quiz correspondant
Distribution des résultats
% des personnes avec chaque résultat
Percentile par nombre de réponses
Votre historique - résultats
Vous n’avez pas pris ce quiz